[Event "C.to Italiano U14"]
[Site "Tarvisio ITA"]
[Date "2014.07.02"]
[Round "6"]
[White "Moroni, Luca jr"]
[Black "Lodici, Lorenzo"]
[WhiteElo "2338"]
[BlackElo "2105"]
[Result "1/2-1/2"]
[PlyCount "40"]
[EventDate "2014.06.29"]

1. Nf3 d5 2. d4 Nf6 3. c4 dxc4 4. e3 Bg4 5. Bxc4 e6 6. O-O a6 7. b3 Nbd7 8. Bb2
Bd6 9. Be2 Qe7 10. Nbd2 e5 11. Nc4 e4 12. Nfd2 Bxe2 13. Qxe2 O-O 14. a4 Qe6 15.
Rac1 Rac8 16. f3 Rfe8 17. fxe4 Nxe4 18. Nxe4 Qxe4 19. Rf3 Nf6 20. Rcf1 Re7
1/2-1/2

[Event "C.to Italiano U14"]
[Site "Tarvisio ITA"]
[Date "2014.07.02"]
[Round "6"]
[White "Parrinello, Marco"]
[Black "Botta, Massimiliano"]
[WhiteElo "1591"]
[BlackElo "1702"]
[Result "0-1"]
[PlyCount "64"]
[EventDate "2014.06.29"]

1. e4 c5 2. Nf3 d6 3. d4 cxd4 4. Nxd4 Nf6 5. Nc3 a6 6. Bg5 e6 7. f4 Qc7 8. Be2
Be7 9. O-O Nc6 10. Nb3 b5 11. a3 Bb7 12. f5 Ne5 13. Bxf6 Bxf6 14. fxe6 fxe6 15.
Nd4 Ke7 16. Nf3 Ng4 17. Qd3 Qc5+ 18. Kh1 Nf2+ 19. Rxf2 Qxf2 20. Rd1 Rad8 21.
Rf1 Qc5 22. g4 Rhf8 23. Nd1 g6 24. c3 Qc6 25. Nf2 Bg7 26. Qc2 Bh6 27. g5 Bg7
28. h4 Rf7 29. Nd2 Rdf8 30. Kg2 d5 31. exd5 Qxd5+ 32. Qe4 Qd7 0-1

[Event "C.to Italiano U14"]
[Site "Tarvisio ITA"]
[Date "2014.07.03"]
[Round "7"]
[White "Benetti, Lorenzo"]
[Black "D'Avino, Gianfranco"]
[WhiteElo "1678"]
[BlackElo "1949"]
[Result "1/2-1/2"]
[PlyCount "115"]
[EventDate "2014.06.29"]

1. d4 Nf6 2. Bg5 Ne4 3. Bf4 d5 4. e3 g6 5. Bd3 Nd6 6. Nf3 Bg7 7. Nc3 c6 8. Be5
f6 9. Bg3 O-O 10. O-O Bg4 11. h3 Bxf3 12. Qxf3 e5 13. dxe5 fxe5 14. Qd1 Qe7 15.
e4 d4 16. Nb1 Nd7 17. f3 Nb6 18. b3 c5 19. Qe2 Rac8 20. c4 Nd7 21. Nd2 Bh6 22.
Kh1 Nf6 23. Bh2 Nh5 24. Rfd1 Bf4 25. Nf1 Bxh2 26. Kxh2 Nf4 27. Qf2 Nxd3 28.
Rxd3 Nxe4 29. Qe1 Nc3 30. Ng3 Rf4 31. Rxc3 dxc3 32. Qxc3 Qd6 33. Re1 Qd4 34.
Qa5 Rf7 35. Qxa7 Qd6 36. Ne4 Qc7 37. Qa3 b6 38. Qb2 Rd8 39. Kh1 Rd4 40. Nc3 Qb8
41. Nb5 Rdd7 42. Nc3 Rd4 43. Nb5 Rfd7 44. Nxd4 exd4 45. Qd2 Qd6 46. Re4 Re7 47.
Rxe7 Qxe7 48. Kg1 Qe5 49. Kf2 Kf7 50. Qe2 Qf4 51. Ke1 Qc1+ 52. Qd1 Qb2 53. Qd2
Qb1+ 54. Kf2 Qf5 55. Ke2 Qe6+ 56. Kf2 Qd6 57. g3 Kg8 58. Qd3 1/2-1/2

[Event "C.to Italiano U14"]
[Site "Tarvisio ITA"]
[Date "2014.07.03"]
[Round "7"]
[White "Bisi, Riccardo"]
[Black "Bernardini, Tommaso"]
[WhiteElo "1828"]
[BlackElo "1917"]
[Result "1-0"]
[PlyCount "97"]
[EventDate "2014.06.29"]

1. d4 Nf6 2. c4 c5 3. d5 b5 4. cxb5 a6 5. e3 d6 6. Nc3 g6 7. Nf3 Bg7 8. a4 axb5
9. Bxb5+ Bd7 10. Ra3 O-O 11. O-O Ne8 12. e4 Nc7 13. Qb3 Nba6 14. Bd2 Nb4 15.
Bxd7 Qxd7 16. Na2 Nca6 17. Bc3 Rfb8 18. Qd1 Nxa2 19. Rxa2 Nb4 20. Ra3 Ra5 21.
Bxg7 Kxg7 22. b3 Na6 23. Qa1+ Kg8 24. Qc3 Rb4 25. Nd2 Nc7 26. Nc4 Ra6 27. Rd1
Qg4 28. f3 Qg5 29. e5 dxe5 30. Nxe5 Nb5 31. Qxc5 Qxe5 32. Qxb4 Nxa3 33. Qxa3
Qe3+ 34. Kh1 Rb6 35. Rb1 Qd3 36. Qb2 Qxd5 37. b4 Rd6 38. h3 Qg5 39. Rc1 e5 40.
Rg1 Qf4 41. a5 g5 42. b5 g4 43. fxg4 Rd2 44. Qc1 Qb4 45. a6 Rd6 46. a7 Qa4 47.
Qc8+ Kg7 48. a8=Q Qxg4 49. Qxg4+ 1-0

[Event "C.to Italiano U14"]
[Site "Tarvisio ITA"]
[Date "2014.07.03"]
[Round "7"]
[White "Botta, Massimiliano"]
[Black "Moroni, Luca jr"]
[WhiteElo "1702"]
[BlackElo "2338"]
[Result "0-1"]
[PlyCount "42"]
[EventDate "2014.06.29"]

1. e4 e6 2. d4 d5 3. Nc3 Nc6 4. Nf3 Nf6 5. e5 Ne4 6. Bd3 Bb4 7. Bd2 Nxd2 8.
Qxd2 Bd7 9. a3 Be7 10. h4 f6 11. O-O-O fxe5 12. dxe5 Bc5 13. Qe2 Qe7 14. Ng5
O-O-O 15. Bxh7 Qf8 16. Rd2 Qf4 17. Bd3 Rxh4 18. Rxh4 Qxh4 19. Nh3 Rf8 20. f4
Be8 21. Na4 Nd4 0-1

[Event "C.to Italiano U14"]
[Site "Tarvisio ITA"]
[Date "2014.07.03"]
[Round "7"]
[White "Faglioni, Isacco"]
[Black "Esposti, Federico"]
[WhiteElo "1608"]
[BlackElo "1747"]
[Result "0-1"]
[PlyCount "86"]
[EventDate "2014.06.29"]

1. Nf3 d5 2. c4 c6 3. g3 Nf6 4. Bg2 g6 5. O-O Bg7 6. d3 O-O 7. Nc3 Re8 8. Nd2
Na6 9. Rb1 Nc7 10. b4 e5 11. b5 cxb5 12. Nxb5 Nxb5 13. Rxb5 a6 14. Rb1 Rb8 15.
a4 Be6 16. Bb2 Qc7 17. cxd5 Bxd5 18. Rc1 Qd7 19. Nf3 Qd6 20. a5 Bc6 21. Qb3 Nd5
22. Ng5 Bh6 23. f4 exf4 24. gxf4 Rxe2 25. Be5 Qd8 26. Rxc6 Rxe5 27. fxe5 bxc6
28. Nxf7 Rxb3 29. Nxd8 Rxd3 30. Bxd5+ cxd5 31. Re1 Re3 32. Kf2 Rxe1 33. Kxe1
Kf8 34. Nc6 Bf4 35. e6 Bxh2 36. Nb4 Bc7 37. Nxd5 Bxa5+ 38. Ke2 Bd8 39. Ke3 g5
40. Ke4 h5 41. Kf5 a5 42. Kg6 h4 43. Ne3 a4 0-1

[Event "C.to Italiano U14"]
[Site "Tarvisio ITA"]
[Date "2014.07.03"]
[Round "7"]
[White "Lodici, Lorenzo"]
[Black "Iannello, Andrea"]
[WhiteElo "2105"]
[BlackElo "1927"]
[Result "1/2-1/2"]
[PlyCount "28"]
[EventDate "2014.06.29"]

1. f4 Nf6 2. Nf3 c6 3. g3 g6 4. Bg2 Bg7 5. O-O O-O 6. e3 d5 7. d3 Nbd7 8. Nc3
Qb6 9. h3 Re8 10. Kh2 e5 11. fxe5 Nxe5 12. Nxe5 Rxe5 13. e4 Rh5 14. Qe1 Ng4+
1/2-1/2

[Event "C.to Italiano U14"]
[Site "Tarvisio ITA"]
[Date "2014.07.03"]
[Round "7"]
[White "Miatto, Marco"]
[Black "Pomilio, Riccardo"]
[WhiteElo "1610"]
[BlackElo "1770"]
[Result "1/2-1/2"]
[PlyCount "47"]
[EventDate "2014.06.29"]

1. d4 Nf6 2. c4 g6 3. Nf3 Bg7 4. g3 O-O 5. Bg2 c6 6. O-O d5 7. e3 Nbd7 8. Nbd2
Re8 9. Re1 e5 10. e4 dxe4 11. Nxe4 Nxe4 12. Rxe4 f5 13. Re2 e4 14. Ne1 Nb6 15.
c5 Nd5 16. f3 exf3 17. Rxe8+ Qxe8 18. Nxf3 Be6 19. Qb3 Qd7 20. Be3 Re8 21. Bf2
Bf7 22. Qd3 Nb4 23. Qd1 Nd5 24. Ng5 1/2-1/2

[Event "C.to Italiano U14"]
[Site "Tarvisio ITA"]
[Date "2014.07.04"]
[Round "8"]
[White "Balzan, Alessandro"]
[Black "Simonetto, Alessio"]
[WhiteElo "1791"]
[BlackElo "1702"]
[Result "1-0"]
[PlyCount "87"]
[EventDate "2014.06.29"]

1. e4 e5 2. Nf3 Nc6 3. d4 exd4 4. Bc4 Nf6 5. O-O Nxe4 6. Re1 d5 7. Bxd5 Qxd5 8.
Nc3 Qh5 9. Nxe4 Be6 10. Neg5 O-O-O 11. Nxe6 fxe6 12. Rxe6 Bd6 13. Bd2 Qf5 14.
Re2 Rhf8 15. Bg5 Rd7 16. Bh4 h6 17. Qe1 g5 18. Bg3 Bxg3 19. hxg3 Qg6 20. Rd1
Rfd8 21. Rd3 Qf7 22. a3 Qc4 23. Qd1 Qb5 24. Rb3 Qc5 25. Qd3 a6 26. Nd2 Qd5 27.
f4 Rf8 28. Rf2 Rdf7 29. c4 Qa5 30. Qe4 gxf4 31. gxf4 Qh5 32. Rbf3 Re7 33. Qd3
Qe8 34. Nf1 Qd7 35. f5 Ne5 36. Qd2 Nxf3+ 37. Rxf3 Rxf5 38. Rd3 c5 39. Ng3 Rf6
40. b4 b6 41. bxc5 bxc5 42. Nh5 Rf5 43. Qxh6 Kb7 44. Rb3+ 1-0

[Event "C.to Italiano U14"]
[Site "Tarvisio ITA"]
[Date "2014.07.04"]
[Round "8"]
[White "Bernardini, Tommaso"]
[Black "Botta, Massimiliano"]
[WhiteElo "1917"]
[BlackElo "1702"]
[Result "1-0"]
[PlyCount "69"]
[EventDate "2014.06.29"]

1. d4 Nf6 2. Nc3 d5 3. Bg5 Ne4 4. Nxe4 dxe4 5. e3 g6 6. c3 Bg7 7. Bc4 O-O 8.
Qc2 Bf5 9. h3 h6 10. Bf4 g5 11. Bh2 Nd7 12. g4 Bg6 13. O-O-O Nf6 14. Ne2 c6 15.
Ng3 b5 16. Be2 e6 17. Nh5 Bh8 18. h4 a5 19. hxg5 hxg5 20. Be5 b4 21. f4 Nh7 22.
Ng3 f6 23. Rh6 Kg7 24. Rdh1 fxe5 25. Rxg6+ Kxg6 26. Qxe4+ Kf7 27. Qxh7+ Bg7 28.
Nh5 Rg8 29. f5 Qd5 30. Rf1 Qxa2 31. fxe6+ Kxe6 32. Nxg7+ Rxg7 33. Qh6+ Kd5 34.
e4+ Kxe4 35. Qh1+ 1-0

[Event "C.to Italiano U14"]
[Site "Tarvisio ITA"]
[Date "2014.07.04"]
[Round "8"]
[White "D'Avino, Gianfranco"]
[Black "Mirri, Pietro"]
[WhiteElo "1949"]
[BlackElo "1718"]
[Result "1-0"]
[PlyCount "173"]
[EventDate "2014.06.29"]

1. d4 d5 2. c4 c6 3. Nf3 Nf6 4. Nc3 e6 5. Bg5 Nbd7 6. e3 Be7 7. Bd3 dxc4 8.
Bxc4 b5 9. Bd3 b4 10. Nb1 Bb7 11. Nbd2 O-O 12. O-O c5 13. Qe2 Rc8 14. Rac1 Nd5
15. Bxe7 Qxe7 16. Ne4 Rc7 17. Bb5 N5f6 18. Nxf6+ Nxf6 19. dxc5 Rxc5 20. Bd3
Rfc8 21. Rxc5 Qxc5 22. Rd1 h6 23. h3 Nd5 24. Bb1 Nf6 25. Qd2 Be4 26. Bxe4 Nxe4
27. Qd4 Nf6 28. Ne5 Qd5 29. Qxd5 Nxd5 30. Rd4 a5 31. Nc4 Rc5 32. Kf1 Kf8 33.
Ke2 Ke7 34. e4 Nf6 35. f4 g5 36. g3 gxf4 37. gxf4 a4 38. Ne3 Rb5 39. Kf3 Rb7
40. b3 axb3 41. axb3 Nd7 42. Rc4 Nb8 43. Nc2 Na6 44. e5 Kf8 45. Ke4 Ke7 46. Rc6
Nb8 47. Rd6 Nd7 48. Rc6 Nb8 49. Rc4 Na6 50. Nd4 Kd7 51. Nf3 Ke7 52. Nh2 Kf8 53.
Ng4 Kg7 54. Nf6 Kg6 55. Rc6 Nb8 56. Rc8 h5 57. Rg8+ Kh6 58. Rh8+ Kg7 59. Rh7+
Kf8 60. Rxh5 Na6 61. Rh8+ Kg7 62. Rg8+ Kh6 63. Rc8 Rb5 64. Kf3 Rc5 65. Rh8+ Kg7
66. Rg8+ Kh6 67. Kg4 Rc3 68. Rh8+ Kg7 69. Rh7+ Kf8 70. Kg5 Rg3+ 71. Kh4 Rxb3
72. Rh8+ Kg7 73. Rg8+ Kh6 74. Ng4+ Kh7 75. Rg5 Rf3 76. Nf6+ Kh6 77. Kg4 Rf1 78.
Ng8+ Kh7 79. Kh5 Rxf4 80. Nf6+ Rxf6 81. exf6 Nc7 82. Rg7+ Kh8 83. Rxf7 Nd5 84.
Kg5 b3 85. Rb7 b2 86. Rxb2 e5 87. Rb8+ 1-0

[Event "C.to Italiano U14"]
[Site "Tarvisio ITA"]
[Date "2014.07.04"]
[Round "8"]
[White "Esposti, Federico"]
[Black "Lodici, Lorenzo"]
[WhiteElo "1747"]
[BlackElo "2105"]
[Result "0-1"]
[PlyCount "132"]
[EventDate "2014.06.29"]

1. e4 c5 2. Nc3 a6 3. g3 b5 4. Bg2 Bb7 5. Nge2 e6 6. O-O Be7 7. f4 d5 8. exd5
exd5 9. d4 c4 10. f5 Nf6 11. Nf4 b4 12. Nce2 O-O 13. Nh3 Re8 14. Nf2 a5 15. g4
Nbd7 16. c3 h6 17. Bf4 Nh7 18. Qd2 Ndf6 19. Ng3 Bd6 20. Rfe1 Qc7 21. Bxd6 Qxd6
22. Rxe8+ Rxe8 23. Re1 Rb8 24. Re2 Bc6 25. Qe1 bxc3 26. Qxc3 a4 27. Nf1 h5 28.
h3 hxg4 29. hxg4 Ra8 30. Nd2 Qf4 31. Qe3 Qxe3 32. Rxe3 Rb8 33. b3 cxb3 34. axb3
Rb4 35. bxa4 Rxd4 36. Nf3 Rxa4 37. Ne5 Be8 38. Rd3 Bb5 39. Rd2 Ra1+ 40. Kh2 Re1
41. Nf3 Re2 42. Rxe2 Bxe2 43. Kg3 Kf8 44. Kf4 Ke7 45. g5 Nd7 46. Nd4 Bc4 47. g6
fxg6 48. fxg6 Nhf8 49. Kg5 Ne6+ 50. Nxe6 Kxe6 51. Bh3+ Kd6 52. Bf5 Nf6 53. Kf4
d4 54. Ne4+ Nxe4 55. Kxe4 d3 56. Ke3 Ke5 57. Bxd3 Bxd3 58. Kxd3 Kf5 59. Ke3
Kxg6 60. Kf4 Kh5 61. Kg3 Kg5 62. Kf3 Kh4 63. Kf4 g5+ 64. Kf3 Kh3 65. Kf2 g4 66.
Kg1 Kg3 0-1

[Event "C.to Italiano U14"]
[Site "Tarvisio ITA"]
[Date "2014.07.04"]
[Round "8"]
[White "Lizzul Coppe, Mirko"]
[Black "Bisi, Riccardo"]
[WhiteElo "1705"]
[BlackElo "1828"]
[Result "0-1"]
[PlyCount "120"]
[EventDate "2014.06.29"]

1. e4 e5 2. Nf3 Nc6 3. Bb5 a6 4. Ba4 Nf6 5. O-O b5 6. Bb3 Bc5 7. Re1 d6 8. c3
Bb6 9. h3 h6 10. d4 O-O 11. a4 Rb8 12. axb5 axb5 13. Qd3 Bb7 14. Nbd2 Re8 15.
d5 Ne7 16. c4 bxc4 17. Nxc4 Nexd5 18. exd5 e4 19. Qd1 exf3 20. Rxe8+ Qxe8 21.
Nxb6 cxb6 22. Qxf3 Qe1+ 23. Kh2 Qe5+ 24. Bf4 Qxb2 25. Ra7 Ne8 26. Qg3 Qf6 27.
Bd2 Nc7 28. Qg4 Bxd5 29. Rxc7 Bxb3 30. Bc3 Qg5 31. Rc8+ Rxc8 32. Qxc8+ Kh7 33.
Qg4 Qxg4 34. hxg4 Kg6 35. Kg3 d5 36. Kf4 f6 37. Bd4 b5 38. g3 Kf7 39. Bc5 Bd1
40. f3 Ke6 41. Ke3 Ke5 42. f4+ Ke6 43. g5 fxg5 44. fxg5 hxg5 45. Kd4 Bb3 46.
Bf8 g6 47. Bb4 Kf5 48. Bd6 Bc4 49. Be7 Kg4 50. Bd6 b4 51. Be5 Kf3 52. Bd6 b3
53. Kc3 Ke4 54. Bc5 d4+ 55. Kd2 d3 56. Ba3 Kf3 57. Bc1 Kxg3 58. Kc3 Kf3 59.
Bxg5 Ke2 60. Bc1 b2 0-1

[Event "C.to Italiano U14"]
[Site "Tarvisio ITA"]
[Date "2014.07.04"]
[Round "8"]
[White "Moroni, Luca jr"]
[Black "Iannello, Andrea"]
[WhiteElo "2338"]
[BlackElo "1927"]
[Result "1-0"]
[PlyCount "43"]
[EventDate "2014.06.29"]

1. e4 c5 2. Nf3 d6 3. d4 cxd4 4. Qxd4 Nc6 5. Bb5 Qd7 6. Bxc6 Qxc6 7. Nc3 Bg4 8.
Qd3 Bxf3 9. gxf3 g6 10. Be3 Bg7 11. Bd4 Bxd4 12. Qxd4 f6 13. O-O-O b6 14. h4
Nh6 15. Nd5 Rc8 16. Qd2 Nf7 17. f4 Kd7 18. e5 Nxe5 19. fxe5 fxe5 20. Rhe1 e6
21. Nb4 Qc5 22. Nd3 1-0

[Event "C.to Italiano U14"]
[Site "Tarvisio ITA"]
[Date "2014.07.05"]
[Round "9"]
[White "Arbore, Daniele"]
[Black "Balzan, Alessandro"]
[WhiteElo "1753"]
[BlackElo "1791"]
[Result "1-0"]
[PlyCount "93"]
[EventDate "2014.06.29"]

1. e4 c5 2. Nf3 e6 3. d4 cxd4 4. Nxd4 a6 5. Nc3 Qc7 6. a3 Nf6 7. Be2 Be7 8. O-O
O-O 9. Be3 d6 10. f4 Nc6 11. g4 Nxd4 12. Bxd4 e5 13. Be3 exf4 14. Rxf4 Be6 15.
g5 Nd7 16. Rf2 Ne5 17. Nd5 Bxd5 18. Qxd5 Qc6 19. Qxc6 bxc6 20. Rd1 Rfd8 21. h4
a5 22. a4 Rab8 23. b3 Rd7 24. Rff1 Rb4 25. Rd4 Rdb7 26. Kf2 c5 27. Rxb4 Rxb4
28. Bf3 c4 29. Bd2 Rb8 30. Bd1 cxb3 31. cxb3 Nd3+ 32. Ke3 Nc5 33. Bc2 Nxb3 34.
Rb1 h6 35. Bxb3 Kf8 36. gxh6 gxh6 37. Bxa5 Bxh4 38. Bc7 Bg5+ 39. Kf3 Rc8 40.
Bxd6+ Kg7 41. a5 Rc3+ 42. Kg2 Rc6 43. Be5+ f6 44. Bg3 Bd2 45. Bd5 Rc8 46. a6
Be3 47. a7 1-0

[Event "C.to Italiano U14"]
[Site "Tarvisio ITA"]
[Date "2014.07.05"]
[Round "9"]
[White "D'Urbano, Gabriele"]
[Black "Pomilio, Riccardo"]
[WhiteElo "1704"]
[BlackElo "1770"]
[Result "1-0"]
[PlyCount "135"]
[EventDate "2014.06.29"]

1. e4 c5 2. Nf3 Nc6 3. d4 cxd4 4. Nxd4 g6 5. Be3 Bg7 6. c4 d6 7. Nc3 Nf6 8. Be2
O-O 9. O-O Bd7 10. h3 a6 11. Qd2 Rc8 12. Rac1 Ne8 13. Rfd1 Nc7 14. b3 Ne6 15.
Nxe6 Bxe6 16. Nd5 Bxd5 17. cxd5 Ne5 18. Bh6 Bxh6 19. Qxh6 Qb6 20. Qh4 f6 21.
Kf1 g5 22. Qg3 Ng6 23. Qg4 Rxc1 24. Qe6+ Rf7 25. Rxc1 Nf4 26. Qg4 h5 27. Qc8+
Kg7 28. Qc2 Qd4 29. g3 Nxh3 30. Bxh5 Rf8 31. Bg4 Rh8 32. Kg2 f5 33. Bxf5 Nxf2
34. Qc3 Qxc3 35. Rxc3 Nd1 36. Rd3 Rc8 37. Rxd1 Rc2+ 38. Kf3 Rxa2 39. Rc1 Ra3
40. Rc3 b5 41. Bd7 Kf6 42. Ke3 Ke5 43. Bc8 b4 44. Rd3 a5 45. Bd7 Ra1 46. Bg4
Re1+ 47. Be2 Rg1 48. Kf3 Rb1 49. Bd1 Rb2 50. Ke3 Rg2 51. Kf3 Rb2 52. Be2 g4+
53. Ke3 Rb1 54. Bxg4 Re1+ 55. Be2 Rg1 56. g4 Rc1 57. Bd1 Rc8 58. Bf3 Rc2 59.
Rd2 Rc3+ 60. Rd3 Rc2 61. Bd1 Rc8 62. Be2 Rc2 63. g5 Rc8 64. Rd1 Rc3+ 65. Bd3
Rxb3 66. Rf1 e6 67. g6 Rb2 68. Rg1 1-0

[Event "C.to Italiano U14"]
[Site "Tarvisio ITA"]
[Date "2014.07.05"]
[Round "9"]
[White "Iannello, Andrea"]
[Black "Lizzul Coppe, Mirko"]
[WhiteElo "1927"]
[BlackElo "1705"]
[Result "1/2-1/2"]
[PlyCount "130"]
[EventDate "2014.06.29"]

1. e4 c5 2. Nf3 d6 3. d4 cxd4 4. Nxd4 Nf6 5. f3 a6 6. c4 g6 7. Nc3 Bg7 8. Be3
O-O 9. Be2 Nc6 10. Qd2 Nd7 11. O-O a5 12. Rfd1 Nxd4 13. Bxd4 Bxd4+ 14. Qxd4 a4
15. Nd5 Re8 16. b4 b6 17. Rac1 Bb7 18. Ne3 Qc7 19. Ng4 f6 20. f4 Rad8 21. f5 g5
22. Rd3 Ne5 23. Rh3 Nxg4 24. Bxg4 d5 25. exd5 Rxd5 26. Qc3 Re5 27. Bd1 Bc8 28.
Bxa4 Rd8 29. Bc2 Bxf5 30. Bxf5 Rxf5 31. Rd3 Rxd3 32. Qxd3 Qf4 33. Rf1 Qxf1+ 34.
Qxf1 Rxf1+ 35. Kxf1 Kf7 36. Ke2 Ke6 37. g4 Ke5 38. Ke3 e6 39. a4 f5 40. a5 bxa5
41. bxa5 Kd6 42. gxf5 exf5 43. a6 Kc7 44. c5 h5 45. Kf3 Kc6 46. Kf2 Kc7 47. Kg2
Kc6 48. h4 gxh4 49. Kh3 f4 50. Kxh4 Kc7 51. Kh3 Kc6 52. Kh4 Kc7 53. Kh3 Kc6 54.
Kh2 h4 55. Kg2 Kc7 56. Kf3 h3 57. Kf2 Kc6 58. Kf3 Kc7 59. Kf2 Kc6 60. Kf3 Kc7
61. Kf2 Kc6 62. Kf3 Kc7 63. Kf2 Kc6 64. Kf3 Kc7 65. Kf2 Kc6 1/2-1/2

[Event "C.to Italiano U14"]
[Site "Tarvisio ITA"]
[Date "2014.07.05"]
[Round "9"]
[White "Lodici, Lorenzo"]
[Black "D'Avino, Gianfranco"]
[WhiteElo "2105"]
[BlackElo "1949"]
[Result "1-0"]
[PlyCount "57"]
[EventDate "2014.06.29"]

1. d4 Nf6 2. c4 g6 3. Nc3 d5 4. cxd5 Nxd5 5. Bd2 Bg7 6. e4 Nb6 7. Be3 O-O 8. h3
f5 9. exf5 Bxf5 10. Nf3 Nc6 11. Qb3+ Kh8 12. d5 Ne5 13. Nxe5 Bxe5 14. Rd1 Qe8
15. Be2 Rd8 16. O-O Qf7 17. f4 Bg7 18. Bf3 e5 19. fxe5 Bxe5 20. Bc5 Rfe8 21. g4
Bc8 22. Bg2 Qg7 23. Ne4 h6 24. g5 h5 25. Nf6 Bxf6 26. gxf6 Qf7 27. Be7 Rxd5 28.
Bxd5 Nxd5 29. Qxd5 1-0

[Event "C.to Italiano U14"]
[Site "Tarvisio ITA"]
[Date "2014.07.05"]
[Round "9"]
[White "Mazzoccoli, Simone"]
[Black "Bernardini, Tommaso"]
[WhiteElo "1760"]
[BlackElo "1917"]
[Result "1/2-1/2"]
[PlyCount "63"]
[EventDate "2014.06.29"]

1. e4 e5 2. Nf3 Nc6 3. d4 exd4 4. Nxd4 Bc5 5. Nxc6 bxc6 6. Bd3 d6 7. O-O Nf6 8.
h3 O-O 9. Bf4 Re8 10. Re1 Rb8 11. Nd2 Be6 12. Nb3 Bb6 13. c3 Bxb3 14. axb3 Nd7
15. b4 Ne5 16. Bxe5 Rxe5 17. Qf3 Qe7 18. Re2 Re8 19. Rae1 a5 20. bxa5 Bxa5 21.
Bc4 Bb6 22. Kh1 h6 23. Kg1 Rf8 24. Qf4 Kh8 25. Kh1 Qd7 26. Qg3 Rg5 27. Qd3 f5
28. exf5 d5 29. Bb3 Qxf5 30. Qxf5 Rgxf5 31. f3 Bc5 32. Re8 1/2-1/2

[Event "C.to Italiano U14 femminile"]
[Site "Tarvisio ITA"]
[Date "2014.06.30"]
[Round "2"]
[White "Buffa, Anastasia"]
[Black "Di Benedetto, Desiree"]
[WhiteElo "1512"]
[BlackElo "1873"]
[Result "0-1"]
[PlyCount "72"]
[EventDate "2014.06.29"]

1. c4 e5 2. Nc3 Nf6 3. Nf3 Nc6 4. g3 Bb4 5. Qc2 O-O 6. Bg2 Re8 7. d3 e4 8. Nd2
Nd4 9. Qb1 exd3 10. Qxd3 Bxc3 11. bxc3 Nxe2 12. Kf1 Nxc1 13. Rxc1 d6 14. Ne4
Bf5 15. Re1 Bxe4 16. Bxe4 Nxe4 17. Rxe4 Qd7 18. Kg2 Qc6 19. f3 Rxe4 20. fxe4
Re8 21. Re1 f5 22. Kf3 fxe4+ 23. Rxe4 Rxe4 24. Qxe4 Qxe4+ 25. Kxe4 Kf7 26. Kd5
Ke7 27. g4 c6+ 28. Kd4 Ke6 29. a4 b6 30. h3 g5 31. Ke4 c5 32. Kd3 Ke5 33. Ke3
a6 34. Kf3 d5 35. cxd5 Kxd5 36. Ke3 Ke5 0-1

[Event "C.to Italiano U14 femminile"]
[Site "Tarvisio ITA"]
[Date "2014.06.30"]
[Round "2"]
[White "Scarpa, Silvia"]
[Black "Giovagnetti, Chiara"]
[WhiteElo "1806"]
[BlackElo "1542"]
[Result "1-0"]
[PlyCount "63"]
[EventDate "2014.06.29"]

1. e4 c5 2. Nc3 e6 3. g3 d5 4. exd5 exd5 5. Bg2 Nf6 6. d3 d4 7. Ne4 Nxe4 8.
dxe4 Nc6 9. Ne2 Bd6 10. O-O O-O 11. c3 dxc3 12. Nxc3 Be5 13. Nd5 Be6 14. Be3
Bxb2 15. Rb1 Bd4 16. Bxd4 cxd4 17. Rxb7 Rb8 18. Rxb8 Qxb8 19. Qa4 Rc8 20. Rc1
Bxd5 21. exd5 Ne5 22. Rxc8+ Qxc8 23. Qxa7 Qc1+ 24. Bf1 Nf3+ 25. Kg2 Ne1+ 26.
Kh1 h6 27. Qxd4 Nf3 28. Qd3 Nd4 29. Kg2 Nc2 30. Qe2 Ne1+ 31. Kg1 Nc2 32. d6 1-0

[Event "C.to Italiano U14 femminile"]
[Site "Tarvisio ITA"]
[Date "2014.06.30"]
[Round "3"]
[White "Baronio, Gaia"]
[Black "Scarpa, Silvia"]
[WhiteElo "1645"]
[BlackElo "1806"]
[Result "0-1"]
[PlyCount "62"]
[EventDate "2014.06.29"]

1. e4 c5 2. Nf3 d6 3. d4 cxd4 4. Nxd4 Nf6 5. Nc3 a6 6. h3 Nbd7 7. g3 Nc5 8. Bg2
e5 9. Nb3 Nxb3 10. axb3 Be6 11. O-O h6 12. Be3 b5 13. Nd5 Nxd5 14. exd5 Bf5 15.
c3 Be7 16. Qe2 O-O 17. Ra2 Bd7 18. b4 f5 19. Re1 Qe8 20. Ra3 Qg6 21. Bc1 Rf7
22. Qc2 Qf6 23. b3 f4 24. g4 Qh4 25. Rd1 f3 26. Bf1 h5 27. c4 hxg4 28. hxg4
Qxg4+ 29. Kh1 Rf5 30. Qxf5 Bxf5 31. cxb5 Kf7 0-1

[Event "C.to Italiano U14 femminile"]
[Site "Tarvisio ITA"]
[Date "2014.06.30"]
[Round "3"]
[White "Di Benedetto, Desiree"]
[Black "Manguerra, Lyn Jane"]
[WhiteElo "1873"]
[BlackElo "1605"]
[Result "1-0"]
[PlyCount "109"]
[EventDate "2014.06.29"]

1. e4 c5 2. Nf3 Nc6 3. Bb5 d6 4. Bxc6+ bxc6 5. O-O Nf6 6. e5 Nd5 7. exd6 exd6
8. Re1+ Be7 9. d4 O-O 10. dxc5 dxc5 11. c3 Bf5 12. Ne5 Qc7 13. Nd2 Rad8 14. Qf3
Bg6 15. Ndc4 Bd6 16. Nxd6 Rxd6 17. Be3 Re6 18. Nxg6 fxg6 19. Qh3 Qe7 20. Bd2
Nf4 21. Qg4 Qf6 22. Bxf4 Rxe1+ 23. Rxe1 Qxf4 24. Qxf4 Rxf4 25. Re6 Ra4 26. a3
Ra6 27. Kf1 Rb6 28. Re2 Kf7 29. Ke1 Kf6 30. Kd1 a5 31. Kc2 Rb7 32. Re4 Rd7 33.
Re2 Kf5 34. Kb3 Kf6 35. Ka4 Ra7 36. f3 g5 37. g4 g6 38. h3 h5 39. Re4 h4 40.
Rc4 Kg7 41. Rxc5 Rf7 42. Kxa5 Rxf3 43. Re5 Rxh3 44. Kb6 Rg3 45. a4 h3 46. Re1
h2 47. Rh1 Rg2 48. b4 Kf6 49. a5 Rxg4 50. Rxh2 Rh4 51. Rf2+ Ke7 52. a6 Rh8 53.
a7 g4 54. Rg2 Kd6 55. Rxg4 1-0

[Event "C.to Italiano U14 femminile"]
[Site "Tarvisio ITA"]
[Date "2014.07.01"]
[Round "4"]
[White "Giordano, Giulia"]
[Black "Di Benedetto, Desiree"]
[WhiteElo "1680"]
[BlackElo "1873"]
[Result "0-1"]
[PlyCount "124"]
[EventDate "2014.06.29"]

1. d4 d5 2. Nf3 Nf6 3. e3 Nbd7 4. Bd3 c6 5. Nbd2 g6 6. O-O Bg7 7. Qe2 Qc7 8. c4
O-O 9. e4 dxe4 10. Nxe4 Nxe4 11. Qxe4 e5 12. dxe5 Nxe5 13. Nxe5 Bxe5 14. Qh4 f5
15. c5 Be6 16. Bg5 Bxb2 17. Rae1 Rfe8 18. Re2 Bg7 19. Rfe1 Bf7 20. Bf4 Qa5 21.
Bd2 Qxc5 22. Bb4 Qd4 23. Rxe8+ Rxe8 24. Rxe8+ Bxe8 25. Qe7 Qd7 26. Bc4+ Kh8 27.
Qe3 b6 28. Bc3 Bf7 29. Bxg7+ Kxg7 30. Qe5+ Kg8 31. Qb8+ Kg7 32. Qe5+ Kf8 33.
Qh8+ Ke7 34. Qe5+ Be6 35. g3 b5 36. Qg7+ Kd6 37. Qd4+ Bd5 38. Bf1 c5 39. Qf6+
Be6 40. Bg2 Kc7 41. Qe5+ Kb6 42. Bf1 Bxa2 43. Qb8+ Ka6 44. Qh8 Be6 45. Qa1+ Kb6
46. Qe5 Bd5 47. Qb8+ Bb7 48. Qe5 Qc6 49. f3 Qxf3 50. Qd6+ Qc6 51. Qd8+ Ka6 52.
Qd2 Qh1+ 53. Kf2 Qxh2+ 54. Ke1 Qxd2+ 55. Kxd2 g5 56. Bd3 Be4 57. Be2 f4 58.
gxf4 gxf4 59. Bg4 Ka5 60. Kc3 Ka4 61. Kb2 Kb4 62. Ka1 c4 0-1

[Event "C.to Italiano U14 femminile"]
[Site "Tarvisio ITA"]
[Date "2014.07.01"]
[Round "4"]
[White "Scarpa, Silvia"]
[Black "Albi Bachini Conti, Silvia"]
[WhiteElo "1806"]
[BlackElo "1585"]
[Result "1-0"]
[PlyCount "87"]
[EventDate "2014.06.29"]

1. e4 d5 2. exd5 Qxd5 3. Nf3 Nf6 4. d4 c6 5. Be2 Bf5 6. c4 Qa5+ 7. Bd2 Qc7 8.
Nc3 e6 9. O-O Bd6 10. Rc1 O-O 11. Bg5 Bf4 12. Bxf4 Qxf4 13. Ne5 Rd8 14. Qb3
Nbd7 15. Qxb7 Nxe5 16. dxe5 Qxe5 17. Qxc6 Rac8 18. Qa4 Rc7 19. Rfe1 Qc5 20.
Rcd1 Rb8 21. b4 Qe7 22. Nb5 Rd7 23. Rxd7 Qxd7 24. Rd1 Qe8 25. Qxa7 Ra8 26. Qc7
Rc8 27. Qf4 Qe7 28. a3 Bc2 29. Rd2 Ba4 30. Nc3 Bc6 31. Qe3 Qb7 32. f3 h6 33. b5
Be8 34. c5 Nd5 35. Nxd5 exd5 36. c6 Qc7 37. Rc2 Qa5 38. Qc3 Qb6+ 39. Kf1 Rc7
40. Qc5 Qxc5 41. Rxc5 Kf8 42. Rxd5 Ke7 43. Rc5 Kd8 44. Bd3 1-0

[Event "C.to Italiano U14 femminile"]
[Site "Tarvisio ITA"]
[Date "2014.07.02"]
[Round "5"]
[White "Albi Bachini Conti, Silvia"]
[Black "Giordano, Giulia"]
[WhiteElo "1585"]
[BlackElo "1680"]
[Result "0-1"]
[PlyCount "71"]
[EventDate "2014.06.29"]

1. e4 c5 2. c3 d5 3. exd5 Qxd5 4. d4 cxd4 5. cxd4 Nc6 6. Nf3 e6 7. Be2 Nf6 8.
O-O Be7 9. Nc3 Qa5 10. h3 O-O 11. Be3 Rd8 12. Qb3 Nb4 13. Bc4 a6 14. a3 Nbd5
15. Nxd5 Nxd5 16. Bd2 Qc7 17. Rac1 Qb8 18. a4 b6 19. Ne5 Bb7 20. Rfd1 Qd6 21.
Ng4 Rac8 22. Bxd5 Qxd5 23. Qxd5 Bxd5 24. Bc3 Bb3 25. Rd2 h5 26. Ne3 Bxa4 27. d5
Bb3 28. Re1 Bc5 29. dxe6 Bxe6 30. Red1 Rxd2 31. Rxd2 Kf8 32. Nc2 Re8 33. Nd4
Bc4 34. Nf5 g6 35. Ng3 h4 36. Nf1 0-1